Normal view
MARC view
- Dahatonde Vidya B - 2k141055; Prof.Archana Tatkar - Guide & [Company Name] - Cummins India Limited,Pune
Entry Personal Name
001 - CONTROL NUMBER
- control field: 103739
003 - CONTROL NUMBER IDENTIFIER
- control field: OSt
005 - DATE AND TIME OF LATEST TRANSACTION
- control field: 20221007220650.0
008 - FIXED-LENGTH DATA ELEMENTS
- fixed length control field: 221007|| aca||aabn | a|a d
040 ## - CATALOGING SOURCE
- Original cataloging agency: OSt
- Transcribing agency: OSt
100 ## - HEADING--PERSONAL NAME
- Personal name: Dahatonde Vidya B - 2k141055; Prof.Archana Tatkar - Guide & [Company Name] - Cummins India Limited,Pune
670 ## - SOURCE DATA FOUND
- Source citation: Work cat.: (OSt)75072: Dahatonde Vidya B - 2k141055; Prof.Archana Tatkar - Guide & [Company Name] - Cummins India Limited,Pune, Study Of Process Document Expat Assignments Cummins India Limited,Pune, Sep-15